书目信息 |
| 题名: |
数学思想应用及探究--建构教学
|
|
| 作者: | 王培德 著 | |
| 分册: | ||
| 出版信息: | 北京 人民教育出版社 2003 |
|
| 页数: | 387页 | |
| 开本: | 21cm | |
| 丛书名: | 中国特级教师文库 | |
| 单 册: | ||
| 中图分类: | G633.602 | |
| 科图分类: | ||
| 主题词: | 数学教学--教学研究--中学 | |
| 电子资源: | ||
| ISBN: | 7-107-16722-7 | |
| 000 | 00904oam2 2200253 45 | |
| 001 | 002458424 | |
| 005 | 20050525105322.3 | |
| 010 | @a7-107-16722-7@dCNY25.80 | |
| 100 | @a20030722d2003 em y0chiy0110 ea | |
| 101 | 0 | @achi |
| 102 | @aCN@b110000 | |
| 105 | @aa z 000yy | |
| 200 | 1 | @a数学思想应用及探究--建构教学@Ashu xue si xiang ying yong ji tan jiu - - jian gou jiao xue@f王培德著@FWang Pei De Zhu |
| 210 | @a北京@c人民教育出版社@d2003 | |
| 215 | @a387页@c照片@d21cm | |
| 225 | 2 | @a中国特级教师文库@v第一辑 |
| 300 | @a教育部特级教师计划 | |
| 330 | @a本书探讨了数学基本思想方法系统、数学思想指导探索解题思路的原则、数学基本思想的应用等,并探究和建构了教学的内涵与模块、教学的策略和实验等。 | |
| 410 | @12001 @a中国特级教师文库 | |
| 606 | 0 | @a数学教学@x教学研究@x中学 |
| 690 | @aG633.602@v4 | |
| 701 | 0 | @a王培德@4著 |
| 801 | 0 | @aCN@bNLC@c20031209 |
| 905 | @f10@b354251-260@dG633.602@e319 | |
| 数学思想应用及探究--建构教学/王培德著.-北京:人民教育出版社,2003 |
| 387页:照片;21cm.-(中国特级教师文库;第一辑) |
| 教育部特级教师计划 |
| ISBN 7-107-16722-7:CNY25.80 |
| 本书探讨了数学基本思想方法系统、数学思想指导探索解题思路的原则、数学基本思想的应用等,并探究和建构了教学的内涵与模块、教学的策略和实验等。 |
| ● |
| 相关链接 |
|
|
|
|
正题名:数学思想应用及探究--建构教学
索取号:G633.602/319
 
预约/预借
| 序号 | 登录号 | 条形码 | 馆藏地/架位号 | 状态 | 备注 |
| 1 | 0354251 | 3542517 | 第一样本阅览室/ [索取号:G633.602/319] | 在馆 | |
| 2 | 0354252 | 3542526 | 密集书库/ [索取号:G633.602/319] | 在馆 | |
| 3 | 0354253 | 3542535 | 第四借阅区/ [索取号:G633.602/319] | 在馆 | |
| 4 | 0354254 | 3542544 | 第四借阅区/ [索取号:G633.602/319] | 在馆 | |
| 5 | 0354255 | 3542553 | 密集书库/ [索取号:G633.602/319] | 在馆 | |
| 6 | 0354256 | 3542562 | 第四借阅区/ [索取号:G633.602/319] | 在馆 | |
| 7 | 0354257 | 3542571 | 密集书库/ [索取号:G633.602/319] | 在馆 | |
| 8 | 0354258 | 3542580 | 第四借阅区/ [索取号:G633.602/319] | 在馆 | |
| 9 | 0354259 | 3542599 | 第四借阅区/ [索取号:G633.602/319] | 在馆 | |
| 10 | 0354260 | 3542606 | 密集书库/ [索取号:G633.602/319] | 在馆 |